U.S. States with the Longest Time Since a Democratic Senate Win - Statistics

General Stats
  • This quiz has been taken 62 times
  • The average score is 8 of 10
Answer Stats
Year State % Correct
1974 Idaho
95%
1990 Oklahoma
93%
1988 Texas
93%
1970 Wyoming
93%
1982 Mississippi
89%
1970 Utah
89%
1990 Tennessee
88%
1992 Kentucky
86%
1932 Kansas
84%
1988 Maine
35%
No matching quizzes found
Score Distribution
Percent of People with Each Score
Percentile by Number Answered
Your Score History
You have not taken this quiz